| 000 | 00440nam a22001817a 4500 | ||
|---|---|---|---|
| 003 | NUST - PNEC | ||
| 005 | 20170116181027.0 | ||
| 008 | 150917b xxu||||| |||| 00| 0 eng d | ||
| 020 | _a0582088046 | ||
| 040 | _cLIBRARY | ||
| 082 | _a693.834 SMI | ||
| 100 |
_910873 _a Smith, B. J |
||
| 245 |
_aAcoustics and noise control _cB. J Smith |
||
| 250 | _a2nd ed. | ||
| 260 | _c1996 | ||
| 650 |
_97607 _aNoise control _xME |
||
| 942 |
_2ddc _cBK |
||
| 999 |
_c67597 _d67597 |
||